John Lennon Discography - Statistics

General Stats
  • This quiz has been taken 81 times
  • The average score is 56 of 104
Answer Stats
Year Album Song % Correct
1971 Imagine Imagine
98%
1973 Mind Games Mind Games
95%
1970 John Lennon/Plastic Ono Band Mother
90%
1970 John Lennon/Plastic Ono Band God
88%
1971 Imagine How?
88%
1971 Imagine How Do You Sleep?
88%
1969 Singles Give Peace a Chance
86%
1975 Rock 'n' Roll Stand By Me
85%
1980 Double Fantasy Beautiful Boy (Darling Boy)
83%
1980 Double Fantasy (Just Like) Starting Over
83%
1971 Imagine Oh Yoko!
83%
1971 Imagine Jealous Guy
81%
1969 Singles Cold Turkey
78%
1972 Some Time in New York City Cold Turkey (live)
78%
1980 Double Fantasy Woman
78%
1974 Walls and Bridges Whatever Gets You thru the Night
76%
1971 Imagine Crippled Inside
75%
1980 Double Fantasy Watching the Wheels
75%
1971 Imagine Gimme Some Truth
73%
1970 John Lennon/Plastic Ono Band Hold On
71%
1970 Singles Instant Karma!
71%
1970 John Lennon/Plastic Ono Band Love
71%
1974 Walls and Bridges #9 Dream
69%
1970 John Lennon/Plastic Ono Band Working Class Hero
69%
1971 Singles Happy Xmas (War Is Over)
68%
1971 Imagine I Don't Wanna Be a Soldier
68%
1970 John Lennon/Plastic Ono Band I Found Out
68%
1970 John Lennon/Plastic Ono Band My Mummy's Dead
68%
1971 Imagine Oh My Love
68%
1972 Some Time in New York City Well (Baby Please Don't Go)
66%
1973 Mind Games Meat City
64%
1972 Some Time in New York City New York City
64%
1970 John Lennon/Plastic Ono Band Well Well Well
64%
1973 Mind Games Tight A$
63%
1970 John Lennon/Plastic Ono Band Isolation
61%
1984 Milk and Honey Grow Old with Me
59%
1971 Imagine It's So Hard
59%
1984 Milk and Honey Nobody Told Me
59%
1974 Walls and Bridges Old Dirt Road
59%
1970 John Lennon/Plastic Ono Band Remember
59%
1980 Double Fantasy Cleanup Time
58%
1974 Walls and Bridges Ya Ya
58%
1975 Rock 'n' Roll Ya Ya
58%
1980 Double Fantasy I'm Losing You
56%
1984 Milk and Honey I'm Stepping Out
56%
1970 John Lennon/Plastic Ono Band Look at Me
56%
1974 Walls and Bridges Nobody Loves You (When You're Down and Out)
56%
1971 Singles Power to the People
56%
1973 Mind Games Aisumasen (I'm Sorry)
54%
1980 Double Fantasy Dear Yoko
54%
1980 Double Fantasy Kiss Kiss Kiss
54%
1973 Mind Games Out the Blue
54%
1974 Walls and Bridges Going Down on Love
53%
1972 Some Time in New York City John Sinclair
53%
1972 Some Time in New York City Angela
51%
1980 Double Fantasy Beautiful Boys
51%
1973 Mind Games I Know (I Know)
51%
1973 Mind Games Intuition
51%
1974 Walls and Bridges Steel and Glass
51%
1984 Milk and Honey Borrowed Time
49%
1973 Mind Games Only People
47%
1972 Some Time in New York City We're All Water
47%
1974 Walls and Bridges What You Got
47%
1974 Walls and Bridges Scared
46%
1974 Walls and Bridges Surprise, Surprise (Sweet Bird of Paradox)
46%
1973 Mind Games You Are Here
46%
1972 Some Time in New York City Attica State
44%
1974 Walls and Bridges Bless You
44%
1973 Mind Games Bring On the Lucie (Freeda Peeple)
44%
1972 Some Time in New York City The Luck of the Irish
44%
1974 Walls and Bridges Beef Jerky
42%
1975 Rock 'n' Roll You Can't Catch Me
42%
1975 Rock 'n' Roll Ain't That a Shame
41%
1972 Some Time in New York City Born in a Prison
41%
1980 Double Fantasy Every Man Has a Woman Who Loves Him
41%
1984 Milk and Honey I Don't Wanna Face It
41%
1975 Rock 'n' Roll Just Because
41%
1973 Mind Games One Day (At a Time)
41%
1972 Some Time in New York City Sunday Bloody Sunday
41%
1984 Milk and Honey (Forgive Me) My Little Flower Princess
39%
1975 Rock 'n' Roll Medley: Bring It On Home to Me/Send Me Some Lovin'
39%
1975 Rock 'n' Roll Slippin' and Slidin'
39%
1975 Rock 'n' Roll Be-Bop-a-Lula
37%
1973 Mind Games Nutopian International Anthem
37%
1972 Some Time in New York City
36%
1975 Rock 'n' Roll Medley: Rip It Up/Ready Teddy
36%
1972 Some Time in New York City Sisters, O Sisters
36%
1972 Some Time in New York City Don't Worry Kyoko
34%
1980 Double Fantasy I'm Moving On
34%
1972 Some Time in New York City Scumbag
34%
1972 Some Time in New York City Jamrag
32%
1975 Rock 'n' Roll Sweet Little Sixteen
32%
1980 Double Fantasy Yes, I'm Your Angel
31%
1984 Milk and Honey O' Sanity
27%
1975 Rock 'n' Roll Peggy Sue
27%
1975 Rock 'n' Roll Bony Moronie
25%
1975 Rock 'n' Roll Do You Want to Dance
25%
1984 Milk and Honey Your Hands
24%
1980 Double Fantasy Hard Times Are Over
20%
1984 Milk and Honey Don't Be Scared
19%
1984 Milk and Honey Let Me Count the Ways
19%
1984 Milk and Honey You're the One
19%
1980 Double Fantasy Give Me Something
15%
1984 Milk and Honey Sleepless Night
7%
No matching quizzes found
Score Distribution
Percent of People with Each Score
Percentile by Number Answered
Your Score History
You have not taken this quiz